chemia-pierwiastki - Statystyki

Ogólne statystyki
  • Ten quiz został rozwiązany 8 140 razy
  • Średni wynik to 49 z 75
Statystyki odpowiedzi
symbol pierwiastek % Poprawnych
H wodór
99%
Tl tal
98%
He hel
97%
Li lit
97%
Mg magnez
97%
O tlen
96%
C wegiel
96%
S siarka
95%
K potas
94%
N azot
93%
Fe żelazo
93%
Be beryl
92%
Au złoto
92%
Cl chlor
91%
P fosfor
90%
Br brom
89%
Zn cynk
88%
Na sód
88%
Ag srebro
88%
Al glin
86%
F fluor
85%
Cu miedź
85%
Ca wapń
85%
Si krzem
83%
Ni nikiel
81%
Ne neon
79%
Mn mangan
78%
Pb ołów
78%
Ar argon
77%
B bor
76%
Hg rtęć
76%
Ba bar
74%
Cr chrom
74%
ra rad
74%
Sn cyna
73%
Po polon
73%
Ga gal
71%
l jod
71%
Xe ksenon
69%
Co kobalt
68%
Se selen
66%
Ti tytan
63%
Ge german
61%
Kr krypton
59%
As arsen
57%
Rb rubid
54%
Pt platyna
53%
Bi bizmut
52%
Fr frans
50%
Sc skand
50%
V wanad
50%
Cs cez
49%
Sr stront
46%
Y itr
45%
Os osm
43%
Te tellur
41%
W wolfram
41%
In ind
40%
Ir iryd
39%
Cd kadm
39%
La lantan
38%
Nb niob
37%
Mo molibden
36%
Pd pallad
36%
Re ren
34%
Sb antymon
32%
ac aktyn
31%
At astat
30%
Zr cyrkon
29%
Rn radon
29%
Tc technet
28%
Hf hafn
27%
Ru ruten
27%
Ta tantal
27%
Rh rod
26%
Nie znaleziono quizów pasujących do podanych kryteriów
Rozkład punktacji
Procent ludzi z każdym wynikiem
Percentyl według liczby udzielonych odpowiedzi
Twoja historia wyników
Nie rozwiązałeś tego quizu